Statistiken für Größte deutsche Städte nach Buchstabe - A

Klicken Sie hier um das Quiz zu spielen!

Allgemein

  • Dieses Quiz wurde 5.523 mal gespielt
  • Das Durchschnittsergebnis liegt bei 5 aus 16

Antwortstatistiken

LandEinwohnerStadt% Korrekt
Bayern296.582Augsburg
96%
NRW248.960Aachen
93%
Baden-Württemberg68.393Aalen
59%
Bayern71.002Aschaffenburg
56%
NRW52.503Ahlen
39%
Bayern41.798Ansbach
33%
Bayern42.207Amberg
31%
NRW73.456Arnsberg
26%
Niedersachsen42.040Aurich
24%
Thüringen31.633Altenburg
18%
Rheinland-Pfalz29.922Andernach
16%
Schleswig-Holstein33.728Ahrensburg
12%
NRW39.381Ahaus
10%
Niedersachsen31.923Achim
9%
Baden-Württemberg45.465Albstadt
8%
NRW47.149Alsdorf
5%

Verteilung der Resultate

Perzentil nach korrekt beantworteten Fragen

Anzahl Personen mit jedem Resultat

Ihre Resultats-Entwicklung

Sie haben dieses Quiz noch nicht gespielt